LOTR: Tom Bombadil - Statistics

General Stats
  • This quiz has been taken 55 times
  • The average score is 9 of 18
Answer Stats
Answer % Correct
Bright ... his jacket is, blue
93%
and his boots are .... yellow
89%
What is the name of his equally enigmatic wife? Goldberry
82%
Tom rescues Merry and Pippin from being crushed by this evil-hearted creature, Old Man Willow
78%
The place where the home of Tom Bombadil is situated. Old Forest
76%
Old Tom Bombadil is a ... fellow; merry
62%
Tom rescues the hobbits again after they leave his house. This time from a ...? Barrow-wight
58%
The song Tom teaches the hobbits if they should get into trouble: Ho! Tom Bombadil, Tom {Bombadillo}!
56%
By fire, sun and {moon},
47%
How is Tom's pony called? Fatty Lumpkin
42%
Come, Tom Bombadil, for our {need} is near us!
36%
who lives on the banks of this river. Withywindle
33%
by the {reed} and willow,
31%
By water, {wood} and hill,
31%
What is he called in Sindarin Elvish? Iarwain Ben-adar
27%
{harken} now and hear us!
27%
What do the Dwarves call him? Forn
20%
What is his name among the northern men? Orald
18%
No matching quizzes found
Score Distribution
Percent of People with Each Score
Percentile by Number Answered
Your Score History
You have not taken this quiz